000 00291 a2200097 4500
020 _a9780190124755
100 _aArun Kumar Thiruvengadam
245 _aLaw, Justice, Society: selected works of Upendra Baxi- Constitutionalism Volume 2
260 _bOxford University Press
_c2026
942 _cOO
999 _c116175
_d116174